MYCOTOXINS IN DAIRY PRODUCTS (Record no. 216055)

MARC details
000 -LEADER
fixed length control field 00547nam a22001697a 4500
008 - FIXED-LENGTH DATA ELEMENTS--GENERAL INFORMATION
fixed length control field 250829b |||||||| |||| 00| 0 eng d
020 ## - INTERNATIONAL STANDARD BOOK NUMBER
International Standard Book Number 1-85166-369-X
050 ## - LIBRARY OF CONGRESS CALL NUMBER
Classification number SF 254 .M 93 M 93 1989
Item number 1
100 ## - MAIN ENTRY--PERSONAL NAME
Personal name EDITED BY HANS P. VAN EGMOND
245 ## - TITLE STATEMENT
Title MYCOTOXINS IN DAIRY PRODUCTS
260 ## - PUBLICATION, DISTRIBUTION, ETC.
Place of publication, distribution, etc. LONDON,
Name of publisher, distributor, etc. ELSEVIER APPLIED SCIENCE PUBLISHERS LTD,
Date of publication, distribution, etc. 1989,
300 ## - PHYSICAL DESCRIPTION
Extent X, 272 P, ILL
500 ## - GENERAL NOTE
General note INCLUDES BIBLIOGRAPHICAL REFERENCES AND INDEX
650 ## - SUBJECT ADDED ENTRY
Topical term or geographic name entry element Mycotoxins Dairy products-Contamination
942 ## - ADDED ENTRY ELEMENTS (KOHA)
Source of classification or shelving scheme Library of Congress Classification
Koha item type Long Loan Book
Holdings
Withdrawn status Lost status Source of classification or shelving scheme Damaged status Not for loan Collection Home library Current library Shelving location Date acquired Inventory number Total checkouts Full call number Barcode Date last seen Copy number Price effective from Koha item type
    Library of Congress Classification     Science & Technology Kisii University Library Kisii University Library On Display 08/29/2025 097111   SF 254 .M 93 M 93 1989 041845 08/29/2025 1 08/29/2025 Long Loan Book